Particulars and conditions of sale of valuable freehold ground rent of per £115 annum secured on no. 37 St. Martins Lane, W.C.2...and a substantial long leasehold investment no. 71 New Bond Street, W.1...for sale by auction by Messrs. Rogers, Chapman and Thomas at the London Auction Mart, 155 Queen Victoria Street, E.C.4 at 2.30 p.m. on Tuesday 17th November 1953 (Record no. 116506)

MARC details
000 -LEADER
fixed length control field 01139cam a22002055a 4500
001 - CONTROL NUMBER
control field L140862
008 - FIXED-LENGTH DATA ELEMENTS--GENERAL INFORMATION
fixed length control field 071016s1953 xxk eng u
035 ## - SYSTEM CONTROL NUMBER
System control number (Sirsi) u140862
041 0# - LANGUAGE CODE
Language code of text/sound track or separate title eng
110 2# - MAIN ENTRY--CORPORATE NAME
Corporate name or jurisdiction name as entry element Rogers, Chapman and Thomas
9 (RLIN) 5394
245 00 - TITLE STATEMENT
Title Particulars and conditions of sale of valuable freehold ground rent of per £115 annum secured on no. 37 St. Martins Lane, W.C.2...and a substantial long leasehold investment no. 71 New Bond Street, W.1...for sale by auction by Messrs. Rogers, Chapman and Thomas at the London Auction Mart, 155 Queen Victoria Street, E.C.4 at 2.30 p.m. on Tuesday 17th November 1953
260 ## - PUBLICATION, DISTRIBUTION, ETC.
Place of publication, distribution, etc. S.l.
Name of publisher, distributor, etc. s.n.
Date of publication, distribution, etc. [1953]
300 ## - PHYSICAL DESCRIPTION
Extent 8 leaves
Dimensions 25 cm. +
Accompanying material 2 plans (col., 33 x 20 cm., folded to 11 x 20 cm.)
340 ## - PHYSICAL MEDIUM
Material base and configuration Printed
351 ## - ORGANIZATION AND ARRANGEMENT OF MATERIALS
Hierarchical level Single item
500 ## - GENERAL NOTE
General note The item has 'clerks particulars' written on the front cover, and inside blank pages have been interleaved with the printed pages, and annotated with details of the bidding and the final sale price.
651 4# - SUBJECT ADDED ENTRY--GEOGRAPHIC NAME
Geographic name London
690 ## - LOCAL SUBJECT ADDED ENTRY--TOPICAL TERM (OCLC, RLIN)
Topical term or geographic name as entry element PROPERTY-PROPERTY ACQUISITION AND DISPOSAL-ACQUISITION AND DISPOSAL AT AUCTION
942 ## - ADDED ENTRY ELEMENTS (KOHA)
Suppress in OPAC 0
Holdings
Withdrawn status Lost status Source of classification or shelving scheme Damaged status Not for loan Home library Current library Shelving location Date acquired Total Checkouts Full call number Barcode Date last seen Copy number Price effective from Koha item type
    Dewey Decimal Classification     London London Basement 16/10/2007   BASEMENT BOX 2 30013168 06/08/2019 1 06/08/2019 Archive